Using UML: software engineering with objects and components. (2nd ed.) (Record no. 78621)

MARC details
000 -LEADER
fixed length control field 01169nam a2200241 a 4500
008 - FIXED-LENGTH DATA ELEMENTS--GENERAL INFORMATION
fixed length control field 120416s2000 ||||||||||||||||| || u
020 ## - INTERNATIONAL STANDARD BOOK NUMBER
International Standard Book Number 0201648601
050 ## - LIBRARY OF CONGRESS CALL NUMBER
Classification number QA 76.758 Ste
100 ## - MAIN ENTRY--PERSONAL NAME
Personal name Stevens, Perdita
245 10 - TITLE STATEMENT
Title Using UML: software engineering with objects and components. (2nd ed.)
260 ## - PUBLICATION, DISTRIBUTION, ETC.
Place of publication, distribution, etc. Harlow, Eng:
Name of publisher, distributor, etc. Addison-Wesley
Date of publication, distribution, etc. 2000
300 ## - PHYSICAL DESCRIPTION
Extent xx, 256p.: ill.
350 ## -
-- 0.00
490 ## -
-- Addison-Wesley object technology series
500 ## - GENERAL NOTE
General note Previous ed. gives Pooley as first author.
650 #7 - SUBJECT ADDED ENTRY--TOPICAL TERM
Topical term or geographic name entry element SOFTWARE ENGINEERING
Source of heading or term gnd
650 ## - SUBJECT ADDED ENTRY--TOPICAL TERM
Topical term or geographic name entry element COMPUTERS
650 ## - SUBJECT ADDED ENTRY--TOPICAL TERM
Topical term or geographic name entry element UML (COMPUTER SCIENCE)
700 ## - ADDED ENTRY--PERSONAL NAME
Personal name Pooley, Rob J
995 ## -
-- MAIN LIBRARY OPEN ACCESS
-- 748851
-- CBU-MAIN LIBRARY (Kitwe)
-- 0.00
-- QA 76.758 Ste
-- 3
-- AVAILABLE
-- Jan 31, 2019
-- 748851
-- Main Library Open Access Collection
995 ## -
-- BINDERY (DAMAGED)
-- 0.00
-- 733808
-- CBU-MAIN LIBRARY (Kitwe)
-- 1
-- 0.00
-- QA 76.758 Ste
-- 1
-- DAMAGED
-- May 19, 2006
-- 46036
-- Main Library Open Access Collection
995 ## -
-- MAIN LIBRARY OPEN ACCESS
-- 0.00
-- 742101
-- CBU-MAIN LIBRARY (Kitwe)
-- 1
-- 0.00
-- QA 76.758 STE
-- 2
-- AVAILABLE
-- Mar 7, 2013
-- Nov 22, 2010
-- 742101
-- Main Library Open Access Collection
999 ## -
-- 78621
-- 78621
Holdings
Withdrawn status Lost status Source of classification or shelving scheme Damaged status Not for loan Permanent Location Current Location Shelving location Date acquired Total Checkouts Full call number Barcode Date last seen Copy number Price effective from Koha item type
          CBU-MAIN LIBRARY, KITWE. CBU-MAIN LIBRARY, KITWE.   05/17/2023   QA 76.758 Ste 748851 05/17/2023 1 05/17/2023 MONOGRAPH
          CBU-MAIN LIBRARY, KITWE. CBU-MAIN LIBRARY, KITWE.   05/17/2023   QA 76.758 Ste 46036 05/17/2023 2 05/17/2023 MONOGRAPH
          CBU-MAIN LIBRARY, KITWE. CBU-MAIN LIBRARY, KITWE.   05/17/2023   QA 76.758 Ste 742101 05/17/2023 3 05/17/2023 MONOGRAPH